| Tag |
First Indicator |
Second Indicator |
Subfields |
| LEADER |
00000cam a2200000 4500 |
| 001 |
in00000038864 |
| 005 |
20151007081337.0 |
| 008 |
720321s1930 eng u |
| 010 |
|
|
|a 30005604
|
| 035 |
|
|
|a (OCoLC)00268055
|
| 035 |
|
|
|9 AAF6235AM
|
| 040 |
|
|
|c YNG
|d OCL
|d TXA
|d UtOrBLW
|
| 049 |
|
|
|a TXAM
|c [235475]
|
| 090 |
|
|
|a JN2997
|b .S48 1930
|
| 092 |
|
|
|a 320.944
|b S571f
|
| 100 |
1 |
|
|a Siegfried, André,
|d 1875-1959.
|
| 245 |
1 |
0 |
|a France :
|b a study in nationality /
|c by Andre Siegfried...
|
| 264 |
|
1 |
|a New Haven :
|b Pub. for the Institute of politics by the Yale university press;
|a London :
|b H. Milford, Oxford University press,
|c 1930.
|
| 300 |
|
|
|a 122 pages
|
| 336 |
|
|
|a text
|b txt
|2 rdacontent
|
| 337 |
|
|
|a unmediated
|b n
|2 rdamedia
|
| 338 |
|
|
|a volume
|b nc
|2 rdacarrier
|
| 490 |
1 |
|
|a The Institute of politics publications, Williams college, Williamstown, Mass
|
| 500 |
|
|
|a Published also in French (Paris B. Grasset) under title: Tableau des partis en France.
|
| 650 |
|
0 |
|a Political parties
|z France.
|
| 650 |
|
0 |
|a National characteristics, French.
|
| 651 |
|
0 |
|a France
|x Politics and government
|y 1870-1940.
|
| 830 |
|
0 |
|a Institute of Politics publications.
|
| 999 |
|
|
|a MARS
|
| 999 |
f |
f |
|s 4ffe8773-5bfe-3eea-a62b-14c62182bbad
|i c539cc16-2d07-3475-86b8-ec1596ec4300
|t 0
|
| 952 |
f |
f |
|p ric
|a Texas A&M University
|b Rellis Campus
|c Joint Library Facility
|d Remote Storage
|t 0
|e JN2997 .S48 1930
|h Library of Congress classification
|i unmediated -- volume
|m A14800660409
|
| 998 |
f |
f |
|a JN2997 .S48 1930
|t 0
|l Remote Storage
|